00663nam a2200241 a 4500001001300000003000900013005001700022008004100039020000800080082001300088100002900101245002800130260002600158300000900184500003500193505001200228650001300240700002900253902000800282942000700290952010900297999001500406nice12345678IN_TiNIC20260116011506.0050524s1961 lona grp 000 0 eng  ac000a200bLIF aLife (editorial Staff),  aWorld`s Great Religions aLondonbCollinsc1961 a188p aincludes index and biblioraphy2 aIndexes aReligion1 aLife (editorial Staff),  bSRS cBK 001040708StackRoom-aHMIbHMId2005-05-24g0.00l0o200 LIFp02987r2005-05-24v0.00w2005-05-24yBK c2013d2013